000 00546nam a2200157Ia 4500
008 100122s9999 xx 000 0 und d
082 _b36678
_a129
100 _aवैद्य श्री म
245 _aसाधुसंतांचा देवयानपंथ
250 _a4
260 _bतुकाराम बुक डेपो
_c1968
300 _a200
630 _aसाधुसंतांचा देवयानपंथ
730 _aसाधुसंतांचा देवयानपंथ
942 _cBOOK
999 _c419317
_d419314